| 000 | 00392nam a2200145Ia 4500 | ||
|---|---|---|---|
| 008 | 230917s9999||||xx |||||||||||||| ||und|| | ||
| 040 |
_e75350 _aMAIN |
||
| 041 | _aEnglish | ||
| 082 | _a658.8 B619M | ||
| 100 | _aBliss, Perry | ||
| 245 | 0 | _aMarketing management and the behavioural environment | |
| 260 |
_aNew Delhi _bPrentice-Hall of India _c1976 |
||
| 300 | _aviii, 132 p. | ||
| 942 | _cBK | ||
| 999 |
_c221883 _d221883 |
||